Normal view
MARC view
- Supervisor. Hassan Farooq
Entry Personal Name
001 - CONTROL NUMBER
- control field: 126586
003 - CONTROL NUMBER IDENTIFIER
- control field: NUST
005 - DATE AND TIME OF LATEST TRANSACTION
- control field: 20241029132153.0
008 - FIXED-LENGTH DATA ELEMENTS
- fixed length control field: 241029|| aca||aabn | a|a d
040 ## - CATALOGING SOURCE
- Original cataloging agency: NUST
- Transcribing agency: NUST
100 ## - HEADING--PERSONAL NAME
- Personal name: Supervisor. Hassan Farooq
670 ## - SOURCE DATA FOUND
- Source citation: Work cat.: (NUST)540610: Muneer, Aamara 34728, The impact of protracted Afghan refugees on socio-economic conditions of Peshawar and its remedial measures/, 2017.
